Uplatňovanie paušálnych výdavkov FO v roku 2014

Optimalizáciu daňovej povinnosti v roku 2014 môže daňovník - fyzická osoba dosiahnuť aj vhodnou kombináciou uplatňovania daňových výdavkov v rámci určitých skupín príjmov podľa paragrafu 6 zákona o dani z príjmov. Daňovncici - FO si môžu uplatňovať paušálne výdavky vo výške 40 percent z hrubých zdan...

Descrizione completa

Salvato in:
Dettagli Bibliografici
Autore principale: Rabatinová, Marcela, 1977-
Natura: Capitolo di libro
Lingua:slovacco
Soggetti:
Tags: Aggiungi Tag
Nessun Tag, puoi essere il primo ad aggiungerne!!

MARC

LEADER 00000nla a2200000 4500
001 0192532
005 20240502073230.1
041 0 |a slo 
044 |a SK 
245 1 0 |a Uplatňovanie paušálnych výdavkov FO v roku 2014  |c Marcela Rabatinová 
520 |a Optimalizáciu daňovej povinnosti v roku 2014 môže daňovník - fyzická osoba dosiahnuť aj vhodnou kombináciou uplatňovania daňových výdavkov v rámci určitých skupín príjmov podľa paragrafu 6 zákona o dani z príjmov. Daňovncici - FO si môžu uplatňovať paušálne výdavky vo výške 40 percent z hrubých zdaniteľných príjmov. 
610 2 0 |a dane z príjmov 
610 2 0 |a daňovníci 
610 2 0 |a osoby fyzické 
610 2 0 |a výdavky daňové 
100 1 |a Rabatinová, Marcela, 1977-